| 000 | 00941 a2200229 4500 | ||
|---|---|---|---|
| 003 | Nust | ||
| 005 | 20220725194301.0 | ||
| 010 | _a 93039690 | ||
| 020 | _a0201547481 | ||
| 040 | _cNust | ||
| 082 | 0 | 0 | _a005.75,CAT |
| 100 | 1 |
_aCattell, R. G. G. _995077 |
|
| 245 | 1 | 0 |
_aObject data management : _bobject-oriented and extended relational database systems / _cR.G.G. Cattell. |
| 250 | _aRev. ed. | ||
| 260 |
_aReading, Mass. : _bAddison-Wesley Pub. Co., _cc1994. |
||
| 300 |
_axxi, 389 p. : _bill. ; _c24 cm. |
||
| 505 | _aIntroduction (Page-1), Advanced Database Applications (Page-15), Traditional Database Systems (Page- 47), Object Data Management Concepts (Page-77), Implementation Issues (Page-149), Future Database Systems (Page-209), Goals For Object Data Management (Page-253). | ||
| 650 | 0 | _aDatabase management. | |
| 650 | 0 |
_aObject-oriented databases. _995071 |
|
| 650 | 0 |
_aRelational databases. _936802 |
|
| 942 |
_cREF _2ddc |
||
| 999 |
_c175287 _d175287 |
||